Países más odiados - Votación - Estadísticas

Estadísticas generales
  • Esta prueba ha sido intentada 64 veces
  • La puntuación promedio es 4 de 196
Estadísticas de respuestas
Respuesta % Correcto
Estados Unidos
63%
Francia
51%
Israel
33%
Reino Unido
22%
Argentina
20%
Rusia
20%
China
18%
Irán
18%
España
16%
México
16%
Corea del Norte
12%
Alemania
10%
Marruecos
10%
Perú
10%
Italia
8%
Argelia
6%
Bolivia
6%
Brasil
6%
Canadá
6%
Chile
6%
Arabia Saudita
4%
India
4%
Irak
4%
Panamá
4%
Afganistán
2%
Angola
2%
Azerbaiyán
2%
Bielorrusia
2%
Ciudad del Vaticano
2%
Comoras
2%
Corea del Sur
2%
Cuba
2%
Filipinas
2%
Ghana
2%
Islandia
2%
Japón
2%
Jordania
2%
Kenia
2%
Kosovo
2%
Libia
2%
Namibia
2%
Nicaragua
2%
Pakistán
2%
Polonia
2%
Portugal
2%
República del Congo
2%
República Democrática del Congo
2%
Sudáfrica
2%
Sudán
2%
Ucrania
2%
Uruguay
2%
Venezuela
2%
Albania
0%
Andorra
0%
Antigua y Barbuda
0%
Armenia
0%
Australia
0%
Austria
0%
Bahamas
0%
Bangladés
0%
Barbados
0%
Baréin
0%
Bélgica
0%
Belice
0%
Benín
0%
Bosnia y Herzegovina
0%
Botsuana
0%
Brunéi
0%
Bulgaria
0%
Burkina Faso
0%
Burundi
0%
Bután
0%
Cabo Verde
0%
Camboya
0%
Camerún
0%
Catar
0%
Chad
0%
Chipre
0%
Colombia
0%
Costa de Marfil
0%
Costa Rica
0%
Croacia
0%
Dinamarca
0%
Dominica
0%
Ecuador
0%
Egipto
0%
El Salvador
0%
Emiratos Árabes Unidos
0%
Eritrea
0%
Eslovaquia
0%
Eslovenia
0%
Estados Federados de Micronesia
0%
Estonia
0%
Esuatini
0%
Etiopía
0%
Finlandia
0%
Fiyi
0%
Gabón
0%
Gambia
0%
Georgia
0%
Granada
0%
Grecia
0%
Guatemala
0%
Guinea
0%
Guinea-Bissau
0%
Guinea Ecuatorial
0%
Guyana
0%
Haití
0%
Honduras
0%
Hungría
0%
Indonesia
0%
Irlanda
0%
Islas Marshall
0%
Islas Salomón
0%
Jamaica
0%
Kazajistán
0%
Kirguistán
0%
Kiribati
0%
Kuwait
0%
Laos
0%
Lesoto
0%
Letonia
0%
Líbano
0%
Liberia
0%
Liechtenstein
0%
Lituania
0%
Luxemburgo
0%
Macedonia del Norte
0%
Madagascar
0%
Malasia
0%
Malaui
0%
Maldivas
0%
Malí
0%
Malta
0%
Mauricio
0%
Mauritania
0%
Moldavia
0%
Mónaco
0%
Mongolia
0%
Montenegro
0%
Mozambique
0%
Myanmar
0%
Nauru
0%
Nepal
0%
Níger
0%
Nigeria
0%
Noruega
0%
Nueva Zelanda
0%
Omán
0%
Países Bajos
0%
Palaos
0%
Papúa Nueva Guinea
0%
Paraguay
0%
República Centroafricana
0%
República Checa
0%
República Dominicana
0%
Ruanda
0%
Rumania
0%
Samoa
0%
San Cristóbal y Nieves
0%
San Marino
0%
Santa Lucía
0%
Santo Tomé y Príncipe
0%
San Vicente y las Granadinas
0%
Senegal
0%
Serbia
0%
Seychelles
0%
Sierra Leona
0%
Singapur
0%
Siria
0%
Somalia
0%
Sri Lanka
0%
Sudán del Sur
0%
Suecia
0%
Suiza
0%
Surinam
0%
Tailandia
0%
Taiwán
0%
Tanzania
0%
Tayikistán
0%
Timor Oriental
0%
Togo
0%
Tonga
0%
Trinidad y Tobago
0%
Túnez
0%
Turkmenistán
0%
Turquía
0%
Tuvalu
0%
Uganda
0%
Uzbekistán
0%
Vanuatu
0%
Vietnam
0%
Yemen
0%
Yibuti
0%
Zambia
0%
Zimbabue
0%
No se encontraron pruebas coincidentes
Distribución de puntuación
Porcentaje de gente con cada puntuación
Porcentaje por número respondido
Historial de tus puntuaciones
No has intentado esta prueba.